| 000 | 00440nam a2200157Ia 4500 | ||
|---|---|---|---|
| 003 | GCL | ||
| 008 | 140319s9999 xx 000 0 ara d | ||
| 040 |
_aGCL / _cGCL |
||
| 082 | 0 | 4 |
_aد _b050 |
| 100 | 1 | _aنعمات احمد فؤاد | |
| 245 | 1 | 0 |
_aاحمد رامى :قصة شاعر و اغنية (اقرا 368) / _cنعمات احمد فؤاد |
| 300 | _a175 | ||
| 490 |
_aاقرأ _v0 |
||
| 650 | 0 | 4 | _aاحمد رامى |
| 942 |
_2ddc _cBK |
||
| 999 |
_c48856 _d48856 |
||